00359pab a2200133 454500008004000000100001800040245006800058260000900126300001500135362001100150650002100161650002300182773002000205180718b2015 xxu||||| |||| 00| 0 eng d aSethi, Monika aRegulatory reforms for achieving excellence in higher education c2015 ap.179-183. a16 Feb aHigher education aEducational reform aUniversity News